000 00604cam a22002053a 4500
001 44947
003 PGUSA
005 20140828084027.0
008 140217s2014||||xxu|||||s|||||000 | eng d
040 _aPGUSA
_beng
042 _adc
100 1 _aClergue, Gertrude
245 1 0 _aAllied Cookery :
_bBritish, French, Italian, Belgian, Russian
_h[electronic resource] /
_cGertrude Clergue
260 _bProject Gutenberg,
_c2014
506 _aPublic domain in the USA.
516 _aElectronic text
830 0 _aProject Gutenberg
_v44947
856 4 0 _uhttp://www.gutenberg.org/ebooks/44947
942 _cEB
999 _c274198
_d274198